000 01290cam a2200229 4500
001 J125482
008 040318n2004 000 0 eng u
035 _a(Sirsi) u125482
041 _aeng
050 _a333.0062
_c18
110 _aRoyal Institution of Chartered Surveyors
_bGovernance and Corporate Management
_94171
245 4 _aThe Brooke review second stage consultation
_breviewing how RICS works for you - a consultation with the whole RICS membership March 2004
260 _a[S.I.]
_bRICS
_c2004
490 _aRICS Brooke Review
520 _aThe Brooke Review Committee was set up to recommend improvements in communications between RICS and its members, to encourage greater involvement in RICS affairs and to make the procedures for considering members' opinions and complaints more effective. This second stage consultation document sets out initial findings and proposals, seeking members' views on the following issues: how RICS is organised; membership communication and services; governance and finance; and value for money. Responses are required by 10 May 2004.
650 _aRICS BROOKE REVIEW
650 _aCONSULTATION PROCESS
650 _aRICS MEMBERSHIP
690 _aRICS NEWS
710 _aRoyal Institution of Chartered Surveyors
_94900
942 _n0
999 _c103404
_d103404